Muslim society in transition: a study of Hyderabad (Record no. 1523)

MARC details
000 -LEADER
fixed length control field 00612nam a2200205Ia 4500
020 ## - INTERNATIONAL STANDARD BOOK NUMBER
ISBN 81-7169-096-3
082 ## - DEWEY DECIMAL CLASSIFICATION NUMBER
Classification number 305.800954484 JAV-;
100 ## - MAIN ENTRY--AUTHOR NAME
Personal name Javed, Arifa Kulsoom
245 #0 - TITLE STATEMENT
Title Muslim society in transition: a study of Hyderabad
260 ## - PUBLICATION, DISTRIBUTION, ETC. (IMPRINT)
Place of publication New Delhi
Name of publisher Commonwealth Publishers
Year of publication 1992
300 ## - PHYSICAL DESCRIPTION
Number of Pages 200p.
504 ## - BIBLIOGRAPHY, ETC. NOTE
Bibliography, etc Includes index
650 ## - SUBJECT ADDED ENTRY--TOPICAL TERM
Topical Term Sociology - Hyderabad
650 ## - SUBJECT ADDED ENTRY--TOPICAL TERM
Topical Term Muslims - Hyderabad
650 ## - SUBJECT ADDED ENTRY--TOPICAL TERM
Topical Term Social classes - Hyderabad
650 ## - SUBJECT ADDED ENTRY--TOPICAL TERM
Topical Term Sociology, Islamic - Hyderabad
650 ## - SUBJECT ADDED ENTRY--TOPICAL TERM
Topical Term Muslim families - Hyderabad
650 ## - SUBJECT ADDED ENTRY--TOPICAL TERM
Topical Term Hyderabad - Social life and customs
942 ## - ADDED ENTRY ELEMENTS (KOHA)
Koha item type Books
Holdings
Withdrawn status Lost status Damaged status Not for loan Home library Current library Date acquired Bill Date Full call number Accession Number Price effective from Koha item type
        NASSDOC Library NASSDOC Library 08/06/2004 2008-12-30 305.800954484 JAV-; 32009 18/04/2019 Books
        NASSDOC Library NASSDOC Library 08/06/2004 2008-12-30 305.800954484 JAV-; 32010 18/04/2019 Books